[Event "Ch Denmark (qual)"]
[Site "Lyngby (Denmark)"]
[Round "0"]
[White "Fuglsang Flemming (DEN)"]
[Black "Andersen Ejnar (DEN)"]
[Result "0-1"]
[WhiteElo "2273"]
[BlackElo "2041"]

1.c4 e5 2.Nc3 Nc6 3.g3 g6 4.Bg2 Bg7 5.d3 d6 6.Rb1 a5 7.a3 Nge7 8.b4 axb4
9.axb4 O-O 10.e3 f5 11.Nge2 f4 12.exf4 exf4 13.Bxf4 Nf5 14.Qd2 Ncd4 15.O-O c6
16.Rfe1 Ra3 17.Qc1 Nxe2+ 18.Nxe2 Rxd3 19.Be4 Rd4 20.Nxd4 Nxd4 21.Bg5 Qc7
22.Bg2 Be6 23.Qd2 Qf7 24.Qf4 Bf5 25.Rbc1 Re8 26.Qd2 Be6 27.Rc3 Ra8 28.Rce3
Bxc4 29.Re7 Qf8 30.Rxb7 Bd5 31.Bxd5+ cxd5 32.Qd3 Nf3+ 33.Kf1 Nxe1 34.Rxg7+ Kh8
35.Re7 {#R} 0-1

[Event "It (open)"]
[Site "Mexico"]
[Round "0"]
[White "Sunye Neto Jaime (BRA)"]
[Black "Hernandez Gilberto (MEX)"]
[Result "1-0"]
[WhiteElo "2486"]
[BlackElo "2523"]

1.c4 g6 2.g3 Bg7 3.Bg2 e5 4.Nc3 Nc6 5.d3 d6 6.Rb1 Nge7 7.b4 a6 8.a4 a5 9.b5
Nb4 10.Nd5 Nexd5 11.cxd5 O-O 12.Bd2 f5 13.Bxb4 axb4 14.Rxb4 g5 15.Nf3 g4
16.Nd2 b6 17.Rc4 h5 18.h3 f4 19.gxf4 exf4 20.hxg4 Bxg4 21.Bf3 Qf6 22.Ne4 Qf7
23.Bxg4 hxg4 24.Qd2 Qxd5 25.Rxc7 Rf7 26.Rxf7 Qxf7 27.Rg1 Qe6 28.Qxf4 {#r} 1-0

[Event "It (open)"]
[Site "Miedzybrodzie (Poland)"]
[Round "0"]
[White "Serper Grigory (USA)"]
[Black "Balashov Yuri S (RUS)"]
[Result "1-0"]
[WhiteElo "2490"]
[BlackElo "2590"]

1.c4 e5 2.g3 Nc6 3.Bg2 g6 4.Nc3 Bg7 5.d3 d6 6.e4 Nge7 7.Nge2 O-O 8.O-O Be6
9.Nd5 f5 10.Be3 Qd7 11.Qd2 Rf7 12.Rac1 Raf8 13.b4 Nc8 14.c5 dxc5 15.Rxc5 b6
16.exf5 bxc5 17.fxe6 Qxe6 18.Bxc5 Rd8 19.Ndc3 Nd4 20.Nxd4 exd4 21.Ne4 Qf5
22.h4 h6 23.Kh2 Kh8 24.Bh3 Qd5 25.Re1 Nd6 26.Be6 Qxe6 27.Nxd6 Rxd6 28.Rxe6
Rxe6 29.Bxa7 g5 30.hxg5 hxg5 31.Kg2 g4 32.Qg5 Re2 33.Bxd4 Bxd4 34.Qh4+ {#r}
1-0

[Event "Ch Norway (team) West"]
[Site "Norway"]
[Round "1"]
[White "Lauvsnes Arild (NOR)"]
[Black "Harestad Thor Geir (NOR)"]
[Result "1-0"]
[WhiteElo "2270"]
[BlackElo "2172"]

1.c4 g6 2.g3 Bg7 3.Bg2 e5 4.Nc3 Nc6 5.d3 d6 6.e4 f5 7.Nge2 Nf6 8.O-O O-O 9.f4
fxe4 10.dxe4 Bg4 11.h3 Be6 12.Nd5 Qd7 13.Kh2 Rae8 14.Qd3 Nh5 15.Be3 b6 16.f5
Bxd5 17.cxd5 Nd8 18.Bf3 Nf6 19.g4 gxf5 20.gxf5 Kh8 21.Rac1 Re7 22.Qc4 a5 23.a3
Nf7 24.Rg1 Rg8 25.Nc3 Qd8 26.Nb5 Ne8 27.Bh5 Rd7 28.Qe2 Qf6 29.Qg4 Rf8 30.Rc2
Rg8 31.Rcg2 Rd8 32.Bxf7 Qxf7 33.Qh4 Rd7 34.Bg5 Rf8 35.Na7 Nf6 36.Nc6 Nxd5
37.exd5 Qxd5 38.f6 {#r} 1-0

[Event "Ch Czechoslovakia (w)"]
[Site "Pardubice (Czech Republic)"]
[Round "5"]
[White "Sedlakova Ivana (SVK)"]
[Black "Kubikova Hana (CZE)"]
[Result "0-1"]
[WhiteElo "2081"]
[BlackElo "2159"]

1.c4 e5 2.Nc3 Nc6 3.g3 g6 4.Bg2 Bg7 5.d3 d6 6.e3 Nge7 7.Nge2 h5 8.h4 Bg4 9.b4
a6 10.Rb1 Rb8 11.a4 a5 12.b5 Nb4 13.Ba3 c5 14.f3 Be6 15.e4 O-O 16.O-O Qc8
17.Kh2 Kh7 18.Bc1 Qe8 19.Ng1 Bh6 20.f4 Bg4 21.Bf3 exf4 22.Bxf4 Bxf4 23.gxf4
Qd7 24.d4 Qe6 25.Bxg4 hxg4 26.Nd5 Nbxd5 27.cxd5 g3+ 28.Kxg3 Qxe4 29.dxc5 Nf5+
30.Kh2 Ne3 31.Qe2 Nxf1+ 32.Qxf1 Qc2+ 33.Kh3 Qxc5 34.Rd1 Rbe8 35.Rd3 Re3+
36.Nf3 Rfe8 37.Kg4 Qc8+ 38.Kg3 Qf5 39.Rxe3 Rxe3 40.Qf2 Qd3 {#R} 0-1

[Event "It (open)"]
[Site "Pinneberg (Germany)"]
[Round "2"]
[White "Ivanov Timur (RUS)"]
[Black "Schmidt Waldemar (GER)"]
[Result "0-1"]
[WhiteElo "2334"]
[BlackElo "2029"]

1.c4 e5 2.Nc3 Nc6 3.g3 d6 4.Bg2 g6 5.d3 Bg7 6.f4 Nge7 7.e4 Nd4 8.h3 c6 9.Nge2
Ne6 10.Be3 Qa5 11.Qd2 Bd7 12.a3 Nd4 13.b4 Qc7 14.Rb1 O-O 15.O-O f5 16.fxe5
dxe5 17.Bh6 Qd6 18.Bxg7 Kxg7 19.c5 Nxe2+ 20.Nxe2 Qf6 21.d4 Rad8 {#R} 0-1

[Event "It (open) \"]
[Site "Santiago (Chile)"]
[Round "0"]
[White "Montero Martinez Cristhian (CHI)"]
[Black "Cifuentes Parada Roberto (ESP)"]
[Result "0-1"]
[WhiteElo "2189"]
[BlackElo "2535"]

1.c4 e5 2.Nc3 Nc6 3.g3 g6 4.Bg2 Bg7 5.d3 d6 6.Rb1 a5 7.e3 Nf6 8.a3 O-O 9.b4
axb4 10.axb4 Rb8 11.Nge2 Be6 12.Nd5 Ne7 13.Nxf6+ Bxf6 14.Nc3 c6 15.Ne4 Bg7
16.O-O h6 17.f4 f5 18.Nf2 b5 19.Qc2 bxc4 20.fxe5 cxd3 21.Nxd3 dxe5 22.e4 Qd4+
23.Kh1 fxe4 24.Rxf8+ Rxf8 25.Nc5 Bd5 26.Bb2 Rf2 27.Qc1 e3 28.Bxd4 Rxg2 29.Ne4
Bxe4 30.Qc4+ Bd5 31.Qxd5+ Nxd5 32.Kxg2 exd4 33.b5 cxb5 34.Rxb5 e2 35.Kf2 d3
{#R} 0-1

[Event "Ch Bulgaria (team)"]
[Site "Sofia (Bulgaria)"]
[Round "0"]
[White "Kirov Nino (BUL)"]
[Black "Grigorov Jordan N (BUL)"]
[Result "1-0"]
[WhiteElo "2419"]
[BlackElo "2380"]

1.c4 e5 2.Nc3 Nc6 3.g3 g6 4.Bg2 Bg7 5.d3 d6 6.e4 Nge7 7.Nge2 O-O 8.O-O f5
9.Nd5 Nxd5 10.cxd5 Ne7 11.Be3 c5 12.Qd2 Bd7 13.Bh6 Qb6 14.Bxg7 Kxg7 15.Kh1
Rae8 16.f4 Kg8 17.exf5 Bxf5 18.fxe5 dxe5 19.Nc3 {#r} 1-0

[Event "It"]
[Site "Stockholm (Sweden)"]
[Round "0"]
[White "Svenn Gosta (SWE)"]
[Black "Ranniku Maaja (EST)"]
[Result "1-0"]
[WhiteElo "2298"]
[BlackElo "2058"]

1.c4 e5 2.Nc3 Nc6 3.g3 g6 4.Bg2 Bg7 5.d3 d6 6.e4 Be6 7.Nge2 Qd7 8.Nd5 Nce7
9.d4 c6 10.Ne3 Bh3 11.O-O h5 12.dxe5 dxe5 13.Qxd7+ Bxd7 14.b3 Nh6 15.Ba3 f6
16.Rad1 Nf7 17.Rd3 Rd8 18.Rfd1 Be6 19.h4 Rxd3 20.Rxd3 Bf8 21.f4 Bh6 22.Kf2 f5
23.exf5 Bxf5 24.Nxf5 Nxf5 25.Bh3 Bg7 26.Kf3 b6 27.Ke4 c5 28.Bxf5 gxf5+ 29.Kxf5
exf4 30.Nxf4 Bd4 31.Ne6 Bf2 32.Bb2 Rh7 33.Bg7 Ke7 34.Bf6+ Ke8 35.Kg6 Rh6+
36.Kg7 {#r} 1-0

[Event "It (open)"]
[Site "Torcy (France)"]
[Round "0"]
[White "De Castet Antoine (FRA)"]
[Black "Hurelbaatar Chultemjamc (MGL)"]
[Result "0-1"]
[WhiteElo "1609"]
[BlackElo "2137"]

1.c4 e5 2.Nc3 Nc6 3.g3 g6 4.Bg2 Bg7 5.d3 d6 6.Nf3 h6 7.O-O Nge7 8.Nd5 O-O
9.Rb1 Nxd5 10.cxd5 Ne7 11.e4 f5 12.Qc2 g5 13.Qc4 f4 14.Bd2 Ng6 15.gxf4 gxf4
16.Rbc1 Rf7 17.d4 exd4 18.Nxd4 Bxd4 19.Qxd4 f3 20.Bh1 Ne5 21.Rfe1 Rg7+ 22.Kf1
Bh3+ 23.Bg2 Bxg2+ 24.Kg1 Qh4 25.Bc3 Qg4 {#R} 0-1

[Event "It (open)"]
[Site "Vienna (Austria)"]
[Round "0"]
[White "Serper Grigory (USA)"]
[Black "Steiner Bruno (AUT)"]
[Result "1-0"]
[WhiteElo "2490"]
[BlackElo "2166"]

1.c4 e5 2.g3 Nc6 3.Bg2 g6 4.Nc3 Bg7 5.d3 d6 6.e4 Nd4 7.Nce2 h5 8.Nxd4 exd4
9.Nf3 c5 10.O-O Bh6 11.e5 Kf8 12.b4 dxe5 13.Nxe5 Qc7 14.Re1 Kg7 15.bxc5 h4
16.Bb2 hxg3 17.hxg3 f6 18.Bxd4 Bf5 19.Rb1 Rb8 20.Qa4 Ne7 21.Nd7 Nc6 22.Bxc6
bxc6 {#r} 1-0

[Event "Ch World (juniors)"]
[Site "Warsaw (Poland)"]
[Round "0"]
[White "Aoudia Khaled (ALG)"]
[Black "Cobb James (WLS)"]
[Result "0-1"]
[WhiteElo "2140"]
[BlackElo "2411"]

1.c4 e5 2.Nc3 Nc6 3.g3 g6 4.Bg2 Bg7 5.d3 d6 6.e4 f5 7.Nge2 Nf6 8.O-O O-O 9.f4
Be6 10.h3 fxe4 11.Nxe4 Nxe4 12.Bxe4 Bxh3 13.Rf2 Qd7 14.Bd2 Bf5 15.Bd5+ Be6
16.Qb3 Rab8 17.Rc1 Ne7 18.Be3 b6 19.Rh2 Rbe8 20.Rg2 Bxd5 21.cxd5 Qg4 22.Re1
Nf5 23.Bf2 exf4 24.Nxf4 Rxe1+ 25.Bxe1 Nd4 {#R} 0-1

[Event "It (open)"]
[Site "Bad Woerishofen (Germany)"]
[Round "0"]
[White "Foisor Ovidiu Doru (ROM)"]
[Black "Jansa Vlastimil (CZE)"]
[Result "0-1"]
[WhiteElo "2381"]
[BlackElo "2455"]

1.c4 g6 2.g3 Bg7 3.Bg2 e5 4.Nc3 d6 5.d3 Nc6 6.Rb1 a5 7.a3 h5 8.h4 Nh6 9.b4
axb4 10.axb4 O-O 11.Bg5 f6 12.Bd2 Nf7 13.b5 Ne7 14.e4 c6 15.Nge2 Be6 16.Qb3
Qd7 17.O-O c5 18.Kh2 Bh6 19.Qc2 Kh7 20.Ra1 Bxd2 21.Qxd2 Kg7 22.Ng1 Ng8 23.Nh3
Ngh6 24.f3 Qe7 25.Rxa8 Rxa8 26.Qb2 g5 27.hxg5 fxg5 28.Nd5 Bxd5 29.exd5 Nf5
30.Nf2 h4 31.gxh4 Rh8 32.Bh3 Rxh4 33.Rg1 Qf6 34.Ng4 Qg6 35.Kg2 Nd4 36.Nf2 Qf6
37.Bg4 Nh6 38.Ne4 Qf4 39.Qd2 Rh2+ {#R} 0-1

[Event "Ch Bulgaria (team)"]
[Site "Bankja (Bulgaria)"]
[Round "2"]
[White "Ermenkov Evgenij (PLE)"]
[Black "Manolov Ivan (BUL)"]
[Result "1-0"]
[WhiteElo "2505"]
[BlackElo "2340"]

1.c4 e5 2.Nc3 d6 3.g3 Nc6 4.Bg2 g6 5.d3 Bg7 6.b3 Nge7 7.Bb2 O-O 8.Qd2 Be6
9.Nd5 Qd7 10.e3 Nf5 11.Ne2 Rae8 12.O-O Nd8 13.Qa5 c6 14.Qxa7 cxd5 15.cxd5 Nxg3
16.Nxg3 Bf5 17.e4 Bh3 18.Qa4 {#r} 1-0

[Event "Ch Belgium"]
[Site "Belgium"]
[Round "0"]
[White "Van Hoolandt Patrick (MNC)"]
[Black "Van Leeuwen Etienne (BEL)"]
[Result "0-1"]
[WhiteElo "2148"]
[BlackElo "2100"]

1.c4 e5 2.Nc3 Nc6 3.g3 g6 4.Bg2 Bg7 5.d3 d6 6.Rb1 Nge7 7.b4 a6 8.e3 O-O 9.Nge2
Be6 10.Nd5 Rb8 11.Nec3 b5 12.Bd2 f5 13.O-O bxc4 14.dxc4 e4 15.f4 exf3 16.Bxf3
Ne5 17.Be2 Bf7 18.e4 c6 19.Ne3 fxe4 20.Nxe4 Nf5 21.Qc2 Nd4 22.Qd1 Nxe2+
23.Qxe2 d5 24.cxd5 cxd5 25.Nc5 d4 26.Ng2 Bc4 27.Rxf8+ Qxf8 28.Qd1 Qf5 29.Nh4
Qh3 30.Bf4 Rf8 31.Rc1 g5 32.Rxc4 gxf4 33.Rc1 Ng4 34.Qb3+ Kh8 35.Qf3 Qxh2+
36.Kf1 fxg3 37.Ne6 Rxf3+ 38.Nxf3 Qf2# 0-1

[Event "It \"]
[Site "Buenos Aires (Argentina)"]
[Round "3"]
[White "Banos Oscar (ARG)"]
[Black "German Gustavo (ARG)"]
[Result "0-1"]
[WhiteElo "2278"]
[BlackElo "2515"]

1.c4 Nc6 2.Nc3 e5 3.g3 g6 4.Bg2 Bg7 5.d3 d6 6.e4 f5 7.Nge2 Nf6 8.O-O O-O 9.f4
fxe4 10.dxe4 Nh5 11.Be3 Be6 12.Nd5 Qd7 13.Rb1 Ne7 14.Qd3 exf4 15.gxf4 Nxd5
16.cxd5 Bh3 17.Rf2 Bxg2 18.Rxg2 Rae8 19.f5 gxf5 20.exf5 Qxf5 21.Qc3 Qxb1+
22.Nc1 Qe4 23.Bd4 Qe1+ {#R} 0-1

[Event "It \"]
[Site "Buenos Aires (Argentina)"]
[Round "5"]
[White "Roca Alfredo (ARG)"]
[Black "Garcia Raimundo (ARG)"]
[Result "0-1"]
[WhiteElo "2364"]
[BlackElo "2327"]

1.c4 g6 2.Nc3 Bg7 3.g3 d6 4.Bg2 e5 5.d3 Nc6 6.Rb1 f5 7.e3 a5 8.Nge2 Nf6 9.a3
O-O 10.b4 axb4 11.axb4 e4 12.dxe4 fxe4 13.Nxe4 Bf5 14.O-O Kh8 15.N2c3 Nxe4
16.Nxe4 Qe7 17.f3 Ra2 18.Qd5 Bxe4 19.Qxe4 Qxe4 20.fxe4 Rxf1+ 21.Kxf1 Ne5 22.c5
Kg8 23.cxd6 cxd6 24.h4 Kf8 25.Bb2 Nc4 26.Bxg7+ Kxg7 27.Kg1 b5 28.Bf1 {#R} 0-1

[Event "It (open)"]
[Site "Calcutta (India)"]
[Round "0"]
[White "Koshy Varugeese (IND)"]
[Black "Gopal K N (IND)"]
[Result "1-0"]
[WhiteElo "2315"]
[BlackElo "2206"]

1.c4 g6 2.g3 Bg7 3.Bg2 e5 4.Nc3 d6 5.d3 Nc6 6.e3 f5 7.Nge2 Nf6 8.O-O O-O 9.b3
Kh8 10.Bb2 a6 11.Qd2 Be6 12.Nd5 Bxd5 13.cxd5 Ne7 14.Nc3 c6 15.dxc6 Nxc6 16.Ne2
Qe7 17.Rac1 d5 18.f4 e4 19.Nd4 Rac8 20.Nxc6 bxc6 21.d4 h6 22.Qa5 Qb7 23.Ba3
Rf7 24.Rc2 Kh7 25.Rfc1 Ng4 26.Qd2 Bf8 27.Bxf8 Rfxf8 28.Bf1 Rf7 29.h3 Nf6
30.Qa5 Qa8 31.Qxa6 Ra7 32.Qe2 Ra3 33.Qd2 Nh5 34.Kh2 Rc7 35.Bb5 {#r} 1-0

[Event "Ch Yugoslavia (team)"]
[Site "Cetinje (Montenegro)"]
[Round "0"]
[White "Knezevic Bojan (SRB)"]
[Black "Milanovic Danilo (SRB)"]
[Result "0-1"]
[WhiteElo "2397"]
[BlackElo "2516"]

1.c4 g6 2.Nc3 Bg7 3.g3 e5 4.Bg2 Nc6 5.d3 d6 6.e4 Nge7 7.Nge2 O-O 8.O-O Be6
9.Be3 Qd7 10.Qd2 Bh3 11.f3 Bxg2 12.Kxg2 Nd4 13.Bg5 Nec6 14.Nxd4 Nxd4 15.Ne2
Ne6 16.Be3 f5 17.Rae1 Rf7 18.Bg1 Raf8 19.b3 h6 20.exf5 Rxf5 21.d4 Qf7 22.d5
Ng5 23.f4 e4 24.Qc2 Nf3 25.Rd1 Re8 26.Bd4 g5 27.Bxg7 Kxg7 28.Qc3+ Kg8 29.fxg5
hxg5 30.Nd4 Qf6 31.Qa1 g4 32.Nxf5 Qxf5 33.Rh1 e3 34.h3 Nh4+ {#R} 0-1

[Event "Ch Poland (corr.)"]
[Site "corr."]
[Round "0"]
[White "Jedrzejowski Maciej (POL)"]
[Black "Kopczynski Krzysztof (POL)"]
[Result "1-0"]
[WhiteElo "2064"]
[BlackElo "2051"]

1.c4 e5 2.Nc3 Nc6 3.g3 g6 4.Bg2 Bg7 5.d3 d6 6.e4 Nge7 7.Nge2 O-O 8.O-O f5 9.h3
Be6 10.Kh2 fxe4 11.Nxe4 Nf5 12.Ng5 Bf7 13.Nxf7 Kxf7 14.Bd5+ Ke8 15.d4 Nfe7
16.dxe5 Nxd5 17.cxd5 dxe5 18.Qb3 Ne7 19.Qxb7 Kf7 20.Nc3 Kg8 21.Bg5 Qd7 22.Qb3
Rab8 23.Qc4 Kh8 24.b3 Nf5 25.Ne4 Nd4 26.Be3 Nf3+ 27.Kg2 Qf5 28.Bxa7 Ra8 29.Be3
g5 30.a4 Ra6 31.Nxg5 Rh6 32.h4 Rh5 33.Rae1 e4 34.Qxe4 Qxe4 {#r} 1-0

[Event "It (open)"]
[Site "Dortmund (Germany)"]
[Round "7"]
[White "Sher Miron N (USA)"]
[Black "Priehoda Vitezslav (CZE)"]
[Result "1-0"]
[WhiteElo "2475"]
[BlackElo "2420"]

1.c4 e5 2.g3 Nc6 3.Bg2 g6 4.Nc3 Bg7 5.d3 d6 6.Rb1 Nf6 7.b4 O-O 8.Nf3 Ne7 9.O-O
c6 10.b5 c5 11.Bg5 Be6 12.e4 h6 13.Bd2 Qd7 14.Ne1 Ne8 15.Nc2 f5 16.exf5 Nxf5
17.Ne3 Nf6 18.Ned5 Nxd5 19.Nxd5 g5 20.b6 Bxd5 21.Bxd5+ Kh8 22.bxa7 Rxa7 23.a4
Qxa4 24.Qxa4 Rxa4 25.Rxb7 Ra2 26.Rd1 Bf6 27.Be4 Nd4 28.Rh7+ Kg8 29.Rxh6 Kf7
30.Rh7+ Kg8 31.Rd7 Rd8 32.Bd5+ Kh8 {#r} 1-0

[Event "Ch Finland (team)"]
[Site "Finland"]
[Round "0"]
[White "Hentunen Asko (FIN)"]
[Black "Sammalvuo Tapani (FIN)"]
[Result "0-1"]
[WhiteElo "2321"]
[BlackElo "2477"]

1.c4 e5 2.Nc3 Nc6 3.g3 g6 4.Bg2 Bg7 5.d3 d6 6.Rb1 f5 7.b4 a6 8.a4 Nf6 9.Nf3 h6
10.O-O g5 11.b5 axb5 12.axb5 Ne7 13.c5 g4 14.Nd2 d5 15.Qb3 Be6 16.c6 bxc6
17.bxc6 Kf7 18.Nb5 Ra6 19.f3 h5 20.Bb2 Nxc6 21.Qc2 Bh6 22.f4 h4 23.e4 hxg3
24.hxg3 exf4 25.gxf4 Rh7 26.exf5 Bxf5 27.Nb3 Kg6 28.Rbe1 Nb4 29.Qc3 Nxd3
30.Ra1 Rxa1 31.Bxa1 Bxf4 32.Rxf4 Nxf4 33.Bf1 Be4 34.Nd2 Rh1+ 35.Kf2 N4h5
36.Qe5 g3+ 37.Ke2 Qd7 38.Nxc7 Qg4+ 39.Ke3 g2 {#R} 0-1

[Event "It (open)"]
[Site "Gent (Belgium)"]
[Round "7"]
[White "Baert Andy (BEL)"]
[Black "Strijbos Maarten (NED)"]
[Result "0-1"]
[WhiteElo "2260"]
[BlackElo "2318"]

1.c4 e5 2.Nc3 Nc6 3.g3 d6 4.Bg2 g6 5.d3 Bg7 6.e3 Be6 7.Nge2 Qd7 8.Nd5 Nf6
9.Nec3 O-O 10.O-O Rab8 11.Qa4 a6 12.b4 b5 13.Qxa6 Bxd5 14.cxd5 Nxb4 15.Qa5
Nxd3 16.Rd1 e4 17.Rb1 Qf5 18.Rf1 b4 19.Ne2 Nxd5 20.Nd4 Bxd4 21.exd4 Nc3 {#R}
0-1

[Event "Bundesliga"]
[Site "Germany"]
[Round "0"]
[White "Hickl Joerg (GER)"]
[Black "Maus Soenke (GER)"]
[Result "1-0"]
[WhiteElo "2540"]
[BlackElo "2403"]

1.g3 g6 2.Bg2 Bg7 3.c4 e5 4.Nc3 d6 5.d3 Nc6 6.Rb1 a5 7.a3 f5 8.Nf3 Nf6 9.O-O
O-O 10.b4 axb4 11.axb4 h6 12.b5 Ne7 13.Bb2 g5 14.Ra1 Rxa1 15.Qxa1 Ng6 16.Nd2
h5 17.Qa8 b6 18.Ra1 Bh6 19.Ra7 g4 20.Nf1 f4 21.Qb8 Bf5 22.Qxd8 Rxd8 23.Rxc7 f3
24.exf3 Bxd3 25.fxg4 hxg4 26.Nd5 Ne8 27.Rc6 Ra8 28.Nb4 e4 29.Rxb6 Ra4 30.Nxd3
exd3 31.Be4 {#r} 1-0

[Event "Bundesliga 1991/92"]
[Site "Germany"]
[Round "0"]
[White "Becker Marcel (GER)"]
[Black "Neurohr Stephan (GER)"]
[Result "0-1"]
[WhiteElo "2353"]
[BlackElo "2350"]

1.c4 g6 2.g3 Bg7 3.Bg2 d6 4.Nc3 e5 5.d3 Nc6 6.Rb1 f5 7.Nf3 Nf6 8.b4 O-O 9.b5
Ne7 10.Qb3 Kh8 11.O-O h6 12.c5 g5 13.cxd6 cxd6 14.Ba3 f4 15.b6 axb6 16.Nb5 Nf5
17.Rfc1 e4 18.Nxg5 hxg5 19.dxe4 Bd7 20.exf5 Bxb5 21.gxf4 Nh7 22.Bb2 Bc6
23.Bxc6 bxc6 24.Bxg7+ Kxg7 25.Rxc6 gxf4 26.Rxb6 Rxf5 27.Rb7+ Kh8 28.Qh3 Qg8+
29.Kh1 Raf8 30.Rd7 Qd5+ 31.f3 Rh5 32.Rxd6 Qxa2 33.Qxh5 Qxb1+ 34.Kg2 Rg8+ {#R}
0-1

[Event "Bundesliga 1991/92"]
[Site "Germany"]
[Round "0"]
[White "Roth Juergen (GER)"]
[Black "Schrepp Martin Dr (GER)"]
[Result "1-0"]
[WhiteElo "2260"]
[BlackElo "2268"]

1.g3 e5 2.Bg2 Nc6 3.d3 g6 4.c4 Bg7 5.Nc3 d6 6.Rb1 f5 7.b4 Nf6 8.b5 Ne7 9.Qb3
O-O 10.Nf3 Kh8 11.O-O h6 12.c5 e4 13.cxd6 cxd6 14.dxe4 Nxe4 15.Bb2 Nc5 16.Qb4
f4 17.Ne4 Nxe4 18.Bxg7+ Kxg7 19.Qxe4 fxg3 20.hxg3 Bf5 21.Qd4+ Kh7 22.Rbd1 d5
23.Nh4 Be6 24.e4 dxe4 25.Qe5 {#r} 1-0

[Event "Bundesliga 1991/92"]
[Site "Germany"]
[Round "0"]
[White "Ruf Matthias (GER)"]
[Black "Fritsche Lutz (GER)"]
[Result "1-0"]
[WhiteElo "2350"]
[BlackElo "2330"]

1.g3 e5 2.c4 Nc6 3.Bg2 g6 4.Nc3 d6 5.d3 Bg7 6.e3 Be6 7.Nge2 Qd7 8.h3 Nge7
9.Nd5 O-O 10.Nec3 Nc8 11.Rb1 Nd8 12.Ne4 f6 13.b3 c6 14.Ndc3 Nf7 15.Bb2 Ne7
16.Ne2 b6 17.Qc2 d5 18.Nd2 c5 19.Rd1 Rad8 20.a3 Rfe8 21.h4 Bg4 22.Nf3 dxc4
23.bxc4 Qb7 24.e4 Qd7 25.Nc3 f5 26.O-O Nc6 27.Nd5 Nd4 28.Bxd4 cxd4 29.Rc1 fxe4
30.dxe4 Rc8 31.Qb3 Be6 32.Kh2 Bxd5 33.cxd5 Bh6 34.Bh3 Qxh3+ 35.Kxh3 Bxc1 36.d6
Rc3 37.d7 Rd8 38.Qe6 Rxf3 39.Rxc1 Kg7 40.Rc8 d3 {#r} 1-0

[Event "Ch Hamburg"]
[Site "Hamburg (Germany)"]
[Round "2"]
[White "Stelting Thorsten (GER)"]
[Black "Kreutzkamp Hans-Rudolf (GER)"]
[Result "1-0"]
[WhiteElo "2212"]
[BlackElo "2187"]

1.c4 e5 2.Nc3 Nc6 3.g3 g6 4.Bg2 Bg7 5.d3 d6 6.Nf3 Nge7 7.Rb1 a5 8.a3 O-O 9.b4
axb4 10.axb4 f5 11.Qb3 Kh8 12.O-O h6 13.Bb2 Be6 14.Ra1 Qd7 15.Nd5 Bxd5 16.cxd5
Nd4 17.Nxd4 exd4 18.b5 Rxa1 19.Bxa1 f4 20.Qb4 fxg3 21.hxg3 Kh7 22.Rc1 Rc8
23.Bxd4 Bxd4 24.Qxd4 Qxb5 25.Qf6 Qe8 26.Bh3 Nxd5 27.Qf3 c6 28.Bxc8 Qxc8
29.Qxd5 {#r} 1-0

[Event "It (open)"]
[Site "Huy (Belgium)"]
[Round "9"]
[White "Honhon Roland (BEL)"]
[Black "Monaville Guy (BEL)"]
[Result "1-0"]
[WhiteElo "2143"]
[BlackElo "2139"]

1.c4 e5 2.g3 Nc6 3.Bg2 g6 4.Nc3 Bg7 5.d3 d6 6.e4 Nge7 7.Nge2 Nd4 8.O-O Nxe2+
9.Nxe2 Nc6 10.Be3 O-O 11.Qd2 f5 12.f4 fxe4 13.dxe4 Be6 14.Rac1 Qd7 15.b3 Rad8
16.Rf2 Qc8 17.Rcf1 a6 18.f5 gxf5 19.Bh6 Qd7 20.Bxg7 Qxg7 21.exf5 Bc8 22.f6 Qf7
23.Bd5 Be6 24.Qg5+ Kh8 25.Qg7+ Qxg7 26.fxg7+ {#r} 1-0

[Event "It (open)"]
[Site "Mesa (Spain)"]
[Round "0"]
[White "Pereyra Arcija Diego (ARG)"]
[Black "Sarmiento Alfonso Braulio (ESP)"]
[Result "1-0"]
[WhiteElo "2385"]
[BlackElo "2359"]

1.c4 e5 2.Nc3 d6 3.g3 g6 4.Bg2 Bg7 5.d3 Nc6 6.Nf3 Nge7 7.O-O O-O 8.Nd5 h6 9.e4
f5 10.exf5 Nxf5 11.Nd2 Ncd4 12.Ne4 c6 13.Ne3 Be6 14.Bd2 Qd7 15.Bb4 Nxe3
16.fxe3 Rxf1+ 17.Kxf1 Bg4 18.Qd2 d5 19.exd4 dxe4 20.Bxe4 exd4 21.Kg1 Kh7
22.Qf4 a5 23.Bd6 Re8 24.Rf1 Bh3 25.Qf7 Qe6 26.Rf4 Bf5 27.Rxf5 {#r} 1-0

[Event "It (active)"]
[Site "Oviedo (Spain)"]
[Round "0"]
[White "Ortiz Aleman Jose Carlos (MEX)"]
[Black "Carpintero Javier (ESP)"]
[Result "0-1"]
[WhiteElo "2185"]
[BlackElo "2290"]

1.c4 d6 2.g3 g6 3.Bg2 Bg7 4.Nc3 e5 5.d3 Nc6 6.Bd2 Nge7 7.Qc1 Nf5 8.Nf3 Nfd4
9.O-O Nxf3+ 10.Bxf3 Bh3 11.Bg2 Qd7 12.Bh6 O-O 13.Bxg7 Kxg7 14.b3 Nd4 15.Qb2
Qg4 16.f3 Qh5 17.e3 Ne6 18.Bxh3 Qxh3 19.Qg2 Qxg2+ 20.Kxg2 f5 21.Ne2 Rf7 22.f4
Nc5 23.Rad1 a5 24.Nc3 Re8 25.fxe5 dxe5 26.d4 exd4 27.exd4 Nd7 28.Rde1 Rxe1
29.Rxe1 c6 30.d5 cxd5 31.Nxd5 Nc5 32.Re7 Rxe7 33.Nxe7 {#R} 0-1

[Event "Ch Croatia (team)"]
[Site "Pula (Croatia)"]
[Round "3"]
[White "Pandurevic Miro (CRO)"]
[Black "Vargic Drago (CRO)"]
[Result "0-1"]
[WhiteElo "2289"]
[BlackElo "2353"]

1.c4 e5 2.Nc3 Nc6 3.g3 g6 4.Bg2 Bg7 5.d3 d6 6.e3 f5 7.Nge2 Nf6 8.a3 a5 9.O-O
O-O 10.Qc2 Ne7 11.Bd2 c6 12.b4 Be6 13.b5 g5 14.bxc6 bxc6 15.Rab1 Qc7 16.Na4
Ng6 17.Rb6 Bd7 18.Rfb1 Ra7 19.Qb3 f4 20.Rb7 Rxb7 21.Qxb7 Qd8 22.Bxc6 Bc8
23.Qa8 Ng4 24.f3 fxe3 25.Bxa5 Qf6 26.Rb8 Ne7 27.Nac3 e4 28.Bxe4 Ne5 29.Nd5
Nxf3+ {#R} 0-1

[Event "It (open)"]
[Site "Alcobendas (Spain)"]
[Round "4"]
[White "Franco Ocampos Zenon (PAR)"]
[Black "Matamoros Franco Carlos S (ECU)"]
[Result "0-1"]
[WhiteElo "2480"]
[BlackElo "2555"]

1.c4 e5 2.g3 d6 3.Bg2 g6 4.Nc3 Bg7 5.d3 Nc6 6.e4 Nd4 7.Nce2 Nxe2 8.Nxe2 h5
9.h3 Be6 10.Be3 Qd7 11.Qd2 Ne7 12.Rc1 c5 13.f4 Rc8 14.b4 b6 15.b5 f5 16.h4 Ng8
17.fxe5 dxe5 18.O-O Nf6 19.exf5 gxf5 20.Bc6 Rxc6 21.bxc6 Qxc6 22.Nc3 Ng4
23.Nd5 f4 24.gxf4 Rg8 25.Rf3 Bxd5 26.cxd5 Qxd5 27.Qe2 Bh6 28.Bd2 Ne3+ {#R} 0-1

[Event "It (open)"]
[Site "Aschach (Austria)"]
[Round "0"]
[White "Piven Igor (UKR)"]
[Black "Rocius Marijonas (LTU)"]
[Result "1-0"]
[WhiteElo "2337"]
[BlackElo "2184"]

1.c4 e5 2.g3 Nc6 3.Bg2 g6 4.Nc3 Bg7 5.d3 d6 6.e4 Be6 7.Nge2 h5 8.h3 Qd7 9.Nd5
O-O-O 10.Qa4 Kb8 11.b4 Bh6 12.b5 Nce7 13.Bxh6 Rxh6 14.d4 f5 15.exf5 gxf5
16.Nb4 d5 17.dxe5 dxc4 18.O-O Qe8 19.Rab1 Bd7 20.Bxb7 Kxb7 21.Nc6 Bxc6
22.bxc6+ Ka8 23.Rb7 Nxc6 24.Rfb1 Qxe5 25.Qa6 Qc5 26.R7b5 Nb4 27.Qb7# 1-0

[Event "It (open)"]
[Site "Bratislava (Slovakia)"]
[Round "7"]
[White "Ivanov Victor L (RUS)"]
[Black "Dovramadjieva Hristina (BUL)"]
[Result "1-0"]
[WhiteElo "2488"]
[BlackElo "2020"]

1.c4 e5 2.Nc3 Nc6 3.g3 g6 4.Bg2 Bg7 5.d3 d6 6.e4 Nh6 7.Nge2 O-O 8.O-O f5 9.f4
Be6 10.Nd5 Ne7 11.fxe5 dxe5 12.Bg5 Bxd5 13.cxd5 Qd6 14.Rc1 Rae8 15.Qb3 Rb8
16.Bxe7 Qxe7 17.d6+ Qf7 18.dxc7 Qxb3 19.axb3 Rbc8 20.exf5 Rf7 21.Bd5 gxf5
22.Be6 Rxc7 {#r} 1-0